书目信息 |
| 题名: |
免疫建筑综合技术
|
|
| 作者: | 科瓦尔斯基, 著 ;蔡浩 , 王晋生 译 | |
| 分册: | ||
| 出版信息: | 北京 中国建筑工业出版社 2006.01 |
|
| 页数: | 560页 | |
| 开本: | 21cm | |
| 丛书名: | ||
| 单 册: | ||
| 中图分类: | TU899 | |
| 科图分类: | ||
| 主题词: | 房屋建筑设备--fang wu jian zhu she bei--安全设备 | |
| 电子资源: | ||
| ISBN: | 7-112-07878-4 | |
| 000 | 01787nam0 2200301 450 | |
| 001 | 012006331383 | |
| 005 | 20191108163607.48 | |
| 010 | @a7-112-07878-4@dCNY68.00 | |
| 100 | @a20060829d2006 km y0chiy0120 ea | |
| 101 | 1 | @achi@ceng |
| 102 | @aCN@b110000 | |
| 105 | @aa a 000yy | |
| 200 | 1 | @a免疫建筑综合技术@Amian yi jian zhu zong he ji shu@f(美) 瓦迪斯瓦夫·扬·科瓦尔斯基著@F(mei)wa di si wa fu·yang·ke wa er si ji zhu@g蔡浩, 王晋生等译@Gcai hao,wang jin sheng deng yi |
| 210 | @a北京@c中国建筑工业出版社@d2006.01 | |
| 215 | @a560页@c图@d21cm | |
| 306 | @a本书由美国麦格劳-希尔教育(亚洲)出版集团授权中国建筑工业出版社翻译,出版发行。 | |
| 312 | @a英文题名取自版权页 | |
| 320 | @a有书目 (第535-555页)。 | |
| 330 | @a“9·11”恐怖袭击事件发生后,生化恐怖袭击与建筑环境安全问题已经得到各国的高度重视。本书完整、系统地反映了到目前为止美国有关免疫建筑系统技术、生化恐怖袭击与建筑环境安全问题的最新研究成果和技术水平。全书共分为17章,介绍并论述了当今世界上各种建筑物(如住宅、学校、医院、办公楼等)用于防御生化恐怖袭击、空气传播的微生物病原体,用于控制室内空气品质所采用的设备系统和各种技术措施,以及生化武器的种类和性能,生化恐怖及其对建筑安全所构成的威胁,生化恐怖袭击的检测、防护、洗消、救治等内容。全书还针对新建通风空调系统的建设和维护,以及现有通风空调系统的改造等方面提供了很多专业的建议和有价值的指导。 | |
| 333 | @a建筑师,设备工程技术人员,建筑物管理,运行维护和安保人员,应急救援、医疗救治等各类相关人员 | |
| 510 | 1 | @aImmune building systems technology@zeng |
| 606 | 0 | @a房屋建筑设备@Afang wu jian zhu she bei@x安全设备 |
| 690 | @aTU899@v4 | |
| 701 | 1 | @a科瓦尔斯基,@Ake wa er si ji,@bW. J.@g(Kowalski, Wladyslaw Jan)@4著 |
| 702 | 0 | @a蔡浩@Acai hao@4译 |
| 702 | 0 | @a王晋生@Awang jin sheng@4译 |
| 801 | 0 | @aCN@c20060926 |
| 905 | @a10447@dTU899@eK530 | |
| 免疫建筑综合技术/(美) 瓦迪斯瓦夫·扬·科瓦尔斯基著/蔡浩, 王晋生等译.-北京:中国建筑工业出版社,2006.01 |
| 560页:图;21cm |
| 使用对象:建筑师,设备工程技术人员,建筑物管理,运行维护和安保人员,应急救援、医疗救治等各类相关人员 |
| ISBN 7-112-07878-4:CNY68.00 |
| “9·11”恐怖袭击事件发生后,生化恐怖袭击与建筑环境安全问题已经得到各国的高度重视。本书完整、系统地反映了到目前为止美国有关免疫建筑系统技术、生化恐怖袭击与建筑环境安全问题的最新研究成果和技术水平。全书共分为17章,介绍并论述了当今世界上各种建筑物(如住宅、学校、医院、办公楼等)用于防御生化恐怖袭击、空气传播的微生物病原体,用于控制室内空气品质所采用的设备系统和各种技术措施,以及生化武器的种类和性能,生化恐怖及其对建筑安全所构成的威胁,生化恐怖袭击的检测、防护、洗消、救治等内容。全书还针对新建通风空调系统的建设和维护,以及现有通风空调系统的改造等方面提供了很多专业的建议和有价值的指导。 |
| ● |
| 相关链接 |
|
|
|
正题名:免疫建筑综合技术
索取号:TU899/K530
 
预约/预借
| 序号 | 登录号 | 条形码 | 馆藏地/架位号 | 状态 | 备注 |
| 1 | 1308040 | 213080404 | 建筑库201/201建筑库 56排3列1层/ [索取号:TU899/K530] | 在馆 | |
| 2 | 1308041 | 213080413 | 建筑库201/201建筑库 56排3列1层/ [索取号:TU899/K530] | 在馆 | |
| 3 | 1308042 | 213080422 | 建筑库201/201建筑库 56排3列1层/ [索取号:TU899/K530] | 在馆 | |
| 4 | 1308043 | 213080431 | 建筑库201/201建筑库 56排3列1层/ [索取号:TU899/K530] | 在馆 | |
| 5 | 1308044 | 213080440 | 建筑库201/201建筑库 56排3列1层/ [索取号:TU899/K530] | 在馆 | |
| 6 | 1308045 | 213080459 | 建筑库201/201建筑库 56排3列1层/ [索取号:TU899/K530] | 在馆 | |
| 7 | 220894 | 202208949 | 建筑库201/201建筑库 56排3列1层/ [索取号:TU899/K530] | 在馆 | |
| 8 | 220895 | 202208958 | 建筑库201/201建筑库 56排3列1层/ [索取号:TU899/K530] | 在馆 | |
| 9 | 220896 | 202208967 | 建筑库201/201建筑库 56排3列1层/ [索取号:TU899/K530] | 在馆 |